LEADER 00977cam0 22002651 450 001 SOBE00028027 005 20121022102239.0 100 $a20121022d1981 |||||ita|0103 ba 101 $aita 102 $aIT 200 1 $a<>sindacato tra movimento e istituzioni$edalla critica del sistema di potere alla definizione di un nuovo modello di sindacato$fGiorgio Benvenuto 210 $aVenezia$cMarsilio$d1978 215 $a175 p.$d20 cm 225 2 $aQuaderni di Fabbrica aperta 410 1$1001SOBE00028028$12001 $a*Quaderni di Fabbrica aperta 700 1$aBenvenuto$b, Giorgio$3A600200035066$4070$033102 801 0$aIT$bUNISOB$c20121022$gRICA 850 $aUNISOB 852 $aUNISOB$j330$m29558 912 $aSOBE00028027 940 $aM 102 Monografia moderna SBN 941 $aM 957 $a330$b000041$gSI$d29558$1catenacci$2UNISOB$3UNISOB$420121022102243.0$520121022102311.0$6catenacci 996 $aSindacato tra movimento e istituzioni$9654600 997 $aUNISOB LEADER 01826nam0 22003613i 450 001 VAN0133505 005 20210413123733.780 010 $a978-88-916423-9-4 100 $a20210413d2020 |0itac50 ba 101 $aita 102 $aIT 105 $a|||| ||||| 200 1 $aManuale delle locazioni commerciali e abitative$eaggiornato con: Legge di bilancio 2020 (Legge n$h160/2019)$iMisure emergenza Covid, incluso il decreto "agosto" (D.L. n$h104 del 14 agosto 2020)$iCircolare agenzia delle entrate 25/E del 20 agosto 2020$fSilvio Rezzonico, Matteo Rezzonico, Luca Rezzonico 205 $a4. ed 210 $aSantarcangelo di Romagna$cMaggioli$d2020 215 $a560 p.$d24 cm. 311 $a2020$9VAN0001316 410 0$1001VAN0001316$12001 $aProfessionisti & imprese$1210 $aSantarcangelo di Romagna$cMaggioli$v210 2020 606 $aImmobili$xLocazioni$xLegislazione$3VANC036120$2SG 620 $dSantarcangelo di Romagna$3VANL000123 676 $a346.45$cDiritto privato. Italia$v22 700 1$aRezzonico$bSilvio$3VANV003990$039766 701 1$aRezzonico$bLuca$3VANV107256$0759471 701 1$aRezzonico$bMatteo$3VANV101322$0542803 712 $aMaggioli $3VANV108045$4650 801 $aIT$bSOL$c20230616$gRICA 899 $aBIBLIOTECA DEL DIPARTIMENTO DI ECONOMIA$1IT-CE0106$2VAN03 899 $aBIBLIOTECA DEL DIPARTIMENTO DI GIURISPRUDENZA$1IT-CE0105$2VAN00 912 $aVAN0133505 950 $aBIBLIOTECA DEL DIPARTIMENTO DI GIURISPRUDENZA$d00CONS XV.Eca.281 $e00UBG6342 20210413 950 $aBIBLIOTECA DEL DIPARTIMENTO DI ECONOMIA$d03PREST IVDa78 $e03 33380 20211210 996 $aManuale delle locazioni commerciali e abitative$91771485 997 $aUNICAMPANIA